Anton becomes a man (Record no. 136065)

MARC details
000 -LEADER
fixed length control field 00757nam a2200265 i 4500
001 - CONTROL NUMBER
control field C2-0338772
003 - CONTROL NUMBER IDENTIFIER
control field PPAK
005 - DATE AND TIME OF LATEST TRANSACTION
control field 20180728141031.0
008 - FIXED-LENGTH DATA ELEMENTS--GENERAL INFORMATION
fixed length control field 161120s2016 my a|||| ||||| | eng d
020 ## - INTERNATIONAL STANDARD BOOK NUMBER
International Standard Book Number 9789670367637
040 ## - CATALOGING SOURCE
Original cataloging agency PPAK
Language of cataloging eng
Transcribing agency PPAK
Description conventions rda
082 04 - DEWEY DECIMAL CLASSIFICATION NUMBER
Classification number 823
Edition number 23
090 00 - LOCALLY ASSIGNED LC-TYPE CALL NUMBER (OCLC); LOCAL CALL NUMBER (RLIN)
Classification number (OCLC) (R) ; Classification number, CALL (RLIN) (NR) 823
Feature heading LEE
Feature heading K
100 1# - MAIN ENTRY--PERSONAL NAME
Personal name Lee, Marcus,
Relator term author
245 10 - TITLE STATEMENT
Title Anton becomes a man
264 #1 - PRODUCTION, PUBLICATION, DISTRIBUTION, MANUFACTURE, AND COPYRIGHT NOTICE
Place of production, publication, distribution, manufacture Subang Jaya, Selangor :
Name of producer, publisher, distributor, manufacturer Penerbitan Semangat Intelek ,
Date of production, publication, distribution, manufacture, or copyright notice 2016
300 ## - PHYSICAL DESCRIPTION
Extent 71 pages :
Other physical details colour illustrations ;
Dimensions 21 cm
336 ## - CONTENT TYPE
Source rdacontent
Content type term text
337 ## - MEDIA TYPE
Source rdamedia
Media type term unmediated
338 ## - CARRIER TYPE
Source rdacarrier
Carrier type term volume
490 1# - SERIES STATEMENT
Series statement Fun learning readers
650 10 - SUBJECT ADDED ENTRY--TOPICAL TERM
Topical term or geographic name entry element Children's stories, English.
830 #0 - SERIES ADDED ENTRY--UNIFORM TITLE
Uniform title Fun learning readers
942 ## - ADDED ENTRY ELEMENTS (KOHA)
-- dc
Koha item type Book
Holdings
Withdrawn Not for loan Current library Shelving location Date acquired Full call number Barcode Date last seen Koha item type Total Checkouts Date last checked out
    Perpustakaan Alor Setar Pinjaman Kanak-kanak 04/12/2016 K 823 LEE A01495458 09/05/2018 Book    
    Perpustakaan Awam Sungai Petani Pinjaman Kanak-kanak 04/12/2016 K 823 LEE A01495459 09/05/2018 Book    
    Perpustakaan Baling Pinjaman Kanak-kanak 04/12/2016 K 823 LEE A01495462 30/08/2025 Book 1 27/08/2025
    Perpustakaan Bandar Baharu Pinjaman Kanak-kanak 04/12/2016 K 823 LEE A01495465 09/05/2018 Book    
    Perpustakaan Jitra Pinjaman Kanak-kanak 04/12/2016 K 823 LEE A01495460 09/05/2018 Book    
    Perpustakaan Kulim Pinjaman Kanak-kanak 04/12/2016 K 823 LEE A01495461 25/03/2023 Book 1 18/03/2023
    Perpustakaan Langkawi Pinjaman Kanak-kanak 04/12/2016 K 823 LEE A01495464 09/05/2018 Book    
    Perpustakaan Merbok Pinjaman Kanak-kanak 04/12/2016 K 823 LEE A01495467 09/05/2018 Book    
    Perpustakaan Sik Pinjaman Kanak-kanak 04/12/2016 K 823 LEE A01495466 09/05/2018 Book    
    Perpustakaan Yan Pinjaman Kanak-kanak 04/12/2016 K 823 LEE A01495463 09/05/2018 Book    
    Bergerak 1, Alor Setar Pinjaman Kanak-kanak 04/12/2016 K 823 LEE A01495474 09/05/2018 Book    
    Bergerak 3, Baling Pinjaman Kanak-kanak 04/12/2016 K 823 LEE A01495475 09/05/2018 Book    
    Bergerak 4, Sungai Petani Pinjaman Kanak-kanak 04/12/2016 K 823 LEE A01495476 09/05/2018 Book    
    Bergerak 5, Kulim Pinjaman Kanak-kanak 04/12/2016 K 823 LEE A01495477 09/05/2018 Book    
    PD05, Kg. Lindungan Raja, Kulim Pinjaman Kanak-kanak 04/12/2016 K 823 LEE A01495468 09/05/2018 Book    
    PD21, Kg. Tengah, Jerlun Pinjaman Kanak-kanak 04/12/2016 K 823 LEE A01495472 09/05/2018 Book    
    PD23, Taman Mas Merah, Titi Gajah, Alor Setar Pinjaman Kanak-kanak 04/12/2016 K 823 LEE A01495470 09/05/2018 Book    
    PD36, Kg. Kuala Lanjut, Kota Star Pinjaman Kanak-kanak 04/12/2016 K 823 LEE A01495473 09/05/2018 Book    
    PD37, Kg. Belat, Pendang Pinjaman Kanak-kanak 04/12/2016 K 823 LEE A01495469 09/05/2018 Book